Регионална библиотека "Любен Каравелов" - Русе

Велосипеди (Запис номер 111439)

MARC детайли
000 -Лидер
Контролно поле с фиксирана дължина 01437nam a2200373 c 4500
003 - Код на организацията, давaща контролен номер
Контролно поле BLK
005 - Дата и час на последна редакция
Контролно поле 20210517095348.0
008 - Елементи от данни с фиксирана дължина
fixed length control field 180409b bul|||||r ||||||| ||bul||
010 ## - Наследен системен номер
LC control number KNG00116784000
020 ## - Международен стандартен номер на книга ISBN
Международен стандартен номер на книга ISBN 954-9367-08-8
-- издат.: Пропелер
040 ## - Източник на каталожния запис
Идентификатор на билиотеката - собственик на записа BLK
041 ## - Код за език
Код за езика на текст/звукозапис или на отделно заглавие Български
Код за езика КДБФ Български
080 ## - УДК
Текстов определител УДК Велосипеди
УДК код - определител по УДК 629.118.3
УДК определител
УДК - код + определител 629.118.3
080 ## - УДК
Текстов определител УДК Велосипеден спорт. Ролков спорт
УДК код - определител по УДК 796.6
УДК определител .02
УДК - код + определител 796.6.02
100 1# - Редна дума - Автор
Автор Косев, Константин Петков
Авторска отговорност първи автор
R(LIN) 369920
139 ## - Редно поле
Редна дума Косев, Константин Петков
Авторски знак Кос - К 86
245 10 - Сведения за заглавието
Заглавие Велосипеди
Подзаглавни данни История, видове, компоненти, устройство, обслужване и регулировки, ремонт и модели
Редно поле (дума) Константин Петков Косев.
257 ## - Страна на издаване
Страна на създаване/издаване Великобритания
260 ## - Област на издателските данни
-- София
Име на издателя, разпространителя и проч. Пропелер
Година на издаване 2004
Печатница София : Вулкан 4
300 ## - Физическа характеристика
Страници 224 с.
Илюстрации и др. с ил., 8 л. : цв. ил.
Размери/Мащаб 24 см
380 ## - Жанр
Жанр Техника
650 #4 - Допълнително описание по предмет – тема
Основно описание – тема или топоним Велосипеди
9 (RLIN) 150517
650 #4 - Допълнително описание по предмет – тема
Основно описание – тема или топоним Велосипеден спорт
9 (RLIN) 150516
650 #4 - Допълнително описание по предмет – тема
Основно описание – тема или топоним Колоездене
9 (RLIN) 158954
653 ## - Ключова дума – ненормативна
Ключова дума велосипеди
653 ## - Ключова дума – ненормативна
Ключова дума колоездене
653 ## - Ключова дума – ненормативна
Ключова дума спорт
653 ## - Ключова дума – ненормативна
Ключова дума ремонти
852 ## - Местоположение
Форматна сигнатура Цб 222115
856 4# - Електронен адрес и достъп
Електронен формат pdf - файл
Път до файла /url/
856 4# - Електронен адрес и достъп
Електронен формат pdf - файл
Път до файла /url/
942 ## - АРТИКУЛИ
Вид на библиотечния материал Книги
Скрит в OPAC Не
Koha issues (borrowed), all copies 1
944 ## - СЪЗДАВАНЕ И РЕДАКЦИЯ на ЗАПИСА
Създаване/Редакция Създаване
Дата на регистрацията/редакция 03.01.2005
Служител, извършил регистрацията/редакцията Кети_Илиева
944 ## - СЪЗДАВАНЕ И РЕДАКЦИЯ на ЗАПИСА
Създаване/Редакция Редакция
Дата на регистрацията/редакция 22.02.2013
Служител, извършил регистрацията/редакцията
999 ## - СИСТЕМНИ КОНТРОЛНИ НОМЕРА
Koha biblionumber 111439
Koha biblioitemnumber 111439
Наличности
Код за отписване Код за изгубен артикул Код за повреда Коз за рестрикции Код за отдаване Артикулен № Име на библиотеката - собственик Име на библиотеката, в която се намира в момента Статус (Текущо местоположение) Дата на вписване в системата Местоположение - отдел Цена в лева Инвентарен номер Систематично азбучна сигнатура Баркод Номер на екземпляра Цена в евро Служебна бележка Служебен тип на артикула
  Не е изгубен Не е повреден без рестрикции ползва се в читалня 178954 Регионална библиотека "Любен Каравелов" Русе Регионална библиотека "Любен Каравелов" Русе Читалня 2004-12-30 Читалня 12.00 120000690876 Ч 629.118/К 86 120000690876 1 6.14 Дост: Pk Вид: Ф N: 8897 Дата: 29.12.2004 Дата инв: 24.03.2017 Бележки инв: Ч2017 Книги
  Не е изгубен Не е повреден без рестрикции ползва се в читалня 178955 Регионална библиотека "Любен Каравелов" Русе Регионална библиотека "Любен Каравелов" Русе Хранилище 2006-02-09 Хранилище 12.00 120000700050 Цб 222115 120000700050 2 6.14 Дост: Dp Вид: Д N: 5 Дата: 19.01.2005 Книги
Vip Innovations Ltd, Rousse, Bulgaria 2025